000 00802nam a2200253 a 4500
008
020 _a058227656X (pbk.)
049 _aMAIN
090 _aHC79.E5
_bBOW
100 1 _aBowers, John.
245 1 0 _aSustainability and environmental economics :
_ban alternative text /
_cJohn Bowers.
260 _aHarlow :
_bLongman,
_c1997.
300 _avii, 238 p. :
_bill. ;
_c24 cm.
504 _aIncludes bibliographical references.
500 _aIncludes index.
650 0 _aEnvironmental economics.
650 0 _aEconomic development
_xEnvironmental aspects.
650 0 _aEnvironmental policy
_xEconomic aspects.
907 _a.b10029795
_b13-02-13
_c17-04-03
003
005 20230123133148.0
040 _cNUST
942 _cBOOKS
_kHC79.E5
_mBOW
999 _c143806
_d143806